| 000 | 00660nam a2200229 4500 | ||
|---|---|---|---|
| 003 | OSt | ||
| 005 | 20260601193853.0 | ||
| 008 | 260518b cl a|||| |||| 00| 0 mx d | ||
| 040 |
_aICI _bspa _cICI |
||
| 041 | _aspa | ||
| 050 |
_aNK1390 _bA863 2003 |
||
| 245 | 1 |
_aAsociación Chilena de Empresas de Diseño QVID : _b2003 |
|
| 264 |
_bChilena : _cQVID, _a2003 |
||
| 300 |
_a98 páginas : _bilustaciones |
||
| 336 |
_atexto _2rdacontent |
||
| 337 |
_asin medio _2rdamedia |
||
| 338 |
_avolumen _2rdacarrier |
||
| 650 |
_aDiseño industrial _zChile |
||
| 650 |
_aDiseño gráfico _zChile |
||
| 650 |
_aDiseño contemporáneo chileno _932573 |
||
| 942 |
_2lcc _cB _n1 |
||
| 999 |
_c21918 _d21918 |
||